| 000 | 00431nam a22001577a 4500 | ||
|---|---|---|---|
| 020 | _a9789332518728 | ||
| 040 | _cNUST | ||
| 082 | _a621.3815 MAN | ||
| 100 | _aMano, M. Morris | ||
| 110 |
_aKime, Charles R. _9112062 |
||
| 245 | _aLogic and Computer Design Fundamentals | ||
| 250 | _a4th Edition | ||
| 260 |
_aINDIA; _bDorling Kindersley, _c2014. |
||
| 650 |
_aLogic and Computer Design Fundamentals _9112196 |
||
| 942 |
_2ddc _cBK |
||
| 999 |
_c594627 _d594627 |
||